Historia de la Milicia Nacional (Record no. 115738)

MARC details
000 -LEADER
campo de control de longitud fija 00683nam a2200181 i 4500
001 - NÚMERO DE CONTROL
campo de control 115738
003 - IDENTIFICADOR DE NÚMERO DE CONTROL
campo de control ES-MaACL
005 - FECHA Y HORA DE LA ÚLTIMA TRANSACCIÓN
campo de control 20230906190540.0
007 - CAMPO FIJO DE DESCRIPCIÓN FÍSICA--INFORMACIÓN GENERAL
campo de control de longitud fija t|
008 - DATOS DE LONGITUD FIJA--INFORMACIÓN GENERAL
campo de control de longitud fija 070511s1855 sp af |||| | spa d
100 1# - ENTRADA PRINCIPAL--NOMBRE DE PERSONA
Nombre de persona Ruiz de Morales, Joaquín.
9 (RLIN) 100763
245 10 - MENCIÓN DEL TÍTULO
Título Historia de la Milicia Nacional
Resto del título : desde su creación hasta nuestros días /
Mención de responsabilidad, etc. bajo la dirección material de Joaquín Ruiz de Morales.
260 ## - PUBLICACIÓN, DISTRIBUCIÓN, ETC.
Lugar de publicación, distribución, etc. Madrid :
Nombre del editor, distribuidor, etc. Editores Prats y Ruiz,
Fecha de publicación, distribución, etc. 1855 (
Fabricante Imp. de Repullés)
300 ## - DESCRIPCIÓN FÍSICA
Extensión 816, 10, [2] p., [26] h. de lám. :
Otras características físicas il. ;
Dimensiones 28 cm.
500 ## - NOTA GENERAL
Nota general Las h. de lám. son litogr.:"Lit. Sánchez"
650 14 - PUNTO DE ACCESO ADICIONAL DE MATERIA--TÉRMINO DE MATERIA
Término de materia o nombre geográfico como elemento de entrada Milicias-
Subdivisión geográfica España.
9 (RLIN) 143671
852 ## - LOCALIZACIÓN
Ubicación ES-MaACL
Número de control de estantería G-6388
Holdings
Estatus retirado Estado de pérdida Estado de daño No para préstamo Colección Biblioteca de origen Biblioteca actual Ubicación en estantería Fecha de adquisición Fuente de adquisición Total de préstamos Signatura topográfica completa Código de barras Visto por última vez Precio de reemplazo Tipo de ítem Koha
        Libros del s. XIX Biblioteca del Ateneo de Madrid Biblioteca del Ateneo de Madrid Depósito 2 17/01/2008     G-6388 1120695 23/02/2023 23/02/2023 Libro impreso antiguo